2024 Chinese Super League Teams - Statistics

General Stats
  • This quiz has been taken 29 times
  • The average score is 10 of 16
Answer Stats
Football Team % Correct
Shanghai Port
100%
Beijing Guoan
92%
Shanghai Shenhua
92%
Wuhan Three Towns
68%
Zhejiang
68%
Shandong Taishan
64%
Shenzhen New Peng City
64%
Changchun Yatai
60%
Chengdu Rongcheng
60%
Henan
60%
Meizhou Hakka
60%
Cangzhou Mighty Lions
56%
Nantong Zhiyun
56%
Qingdao Hainiu
52%
Qingdao West Coast
52%
Tianjin Jinmen Tiger
44%
No matching quizzes found
Score Distribution
Percent of People with Each Score
Percentile by Number Answered
Your Score History
You have not taken this quiz